logo

Bir Sreshtho Munshi Abdur Rouf Library
Jhenaidah Cadet College

বাংলাদেশের চলচ্চিত্র সাম্প্রতিক প্রসঙ্গ / (Record no. 8147)

MARC details
000 -LEADER
fixed length control field 00809nam a2200229 a 4500
001 - CONTROL NUMBER
JCCL Control Number 8147
003 - CONTROL NUMBER IDENTIFIER
JCCL marc code BD-JhCC
005 - DATE AND TIME OF LATEST TRANSACTION
control field 20180219083007.0
008 - FIXED-LENGTH DATA ELEMENTS--GENERAL INFORMATION
fixed length control field 180219s2013 bg a|||| || | 000 0 ben d
035 ## - SYSTEM CONTROL NUMBER
system control number (BD-JhCC)8147
040 ## - CATALOGING SOURCE
Original cataloging agency BD-JhCC
Modifying agency BD-JhCC
041 ## - LANGUAGE CODE
Language code of Book ben
082 ## - DEWEY DECIMAL CLASSIFICATION NUMBER
Classification number 791.95492
Author mark and Year HOS 2013
100 ## - MAIN ENTRY--PERSONAL NAME
Personal name হোসেন, মোহাম্মদ জাহাঙ্গীর
245 ## - TITLE STATEMENT
Title বাংলাদেশের চলচ্চিত্র সাম্প্রতিক প্রসঙ্গ /
Statement of responsibility, etc মোহাম্মদ জাহাঙ্গীর হোসেন,
260 ## - PUBLICATION, DISTRIBUTION, ETC. (IMPRINT)
Place of publication, distribution, etc ঢাকা :
Name of publisher, distributor, etc রোদেলা প্রকাশনী,
Date of publication, distribution, etc 2013
300 ## - PHYSICAL DESCRIPTION
Pagination 415 p. :
Dimensions 22 cm.
650 ## - SUBJECT ADDED ENTRY--TOPICAL TERM
Topical term or geographic name as entry element Cinema
Geographic subdivision Bangladesh
650 ## - SUBJECT ADDED ENTRY--TOPICAL TERM
Topical term or geographic name as entry element Motion Picture
942 ## - ADDED ENTRY ELEMENTS (KOHA)
Source of classification or shelving scheme Dewey Decimal Classification
Koha item type Books
Holdings
Source of classification or shelving scheme Damaged status Not for loan Home library Current library Shelving location Date of accession Cost, normal purchase price Total Checkouts Full call number Barcode Date last seen Copy number Koha item type
Dewey Decimal Classification     JCC Rouf Library JCC Rouf Library General Stacks 02/19/2018 500.00   791.95492 HOS 2013 10654 02/19/2018 C-1 Books

JCC Library | Contacts | JCC Home

Last Update on 23 September 2017
Copyright @ 2017-2020 JCC Rouf Library
Rouf Library, Jhenidah Cadet College (JCC), Bangladesh